000 00261nam a22000857a 4500
008 170113b xxu||||| |||| 00| 0 eng d
100 _92373
_aKumar. S
245 _aThe Land of thus & so English- Main Course- Teachers Copy-3
260 _aNew Delhi
_bFrank Brothers
_c2007
999 _c5362
_d5362